<?xml version="1.0" encoding="UTF-8"?><?xml-stylesheet type="text/xsl" href="static/style.xsl"?><OAI-PMH xmlns="http://www.openarchives.org/OAI/2.0/" xmlns:xsi="http://www.w3.org/2001/XMLSchema-instance" xsi:schemaLocation="http://www.openarchives.org/OAI/2.0/ http://www.openarchives.org/OAI/2.0/OAI-PMH.xsd"><responseDate>2026-06-06T19:13:48Z</responseDate><request verb="GetRecord" identifier="oai:riuma.uma.es:10630/6009" metadataPrefix="marc">https://riuma.uma.es/rest/oai/request</request><GetRecord><record><header><identifier>oai:riuma.uma.es:10630/6009</identifier><datestamp>2026-02-03T12:15:20Z</datestamp><setSpec>com_10630_2254</setSpec><setSpec>col_10630_37959</setSpec></header><metadata><record xmlns="http://www.loc.gov/MARC21/slim" xmlns:dcterms="http://purl.org/dc/terms/" xmlns:doc="http://www.lyncode.com/xoai" xmlns:xsi="http://www.w3.org/2001/XMLSchema-instance" xsi:schemaLocation="http://www.loc.gov/MARC21/slim http://www.loc.gov/standards/marcxml/schema/MARC21slim.xsd">
   <leader>00925njm 22002777a 4500</leader>
   <datafield ind2=" " ind1=" " tag="042">
      <subfield code="a">dc</subfield>
   </datafield>
   <datafield ind2=" " ind1=" " tag="720">
      <subfield code="a">Galeote-Moreno, Miguel Ángel</subfield>
      <subfield code="e">author</subfield>
   </datafield>
   <datafield ind2=" " ind1=" " tag="720">
      <subfield code="a">Checa-Ponce, Elena</subfield>
      <subfield code="e">author</subfield>
   </datafield>
   <datafield ind2=" " ind1=" " tag="720">
      <subfield code="a">Sánchez-Palacios, Concepción</subfield>
      <subfield code="e">author</subfield>
   </datafield>
   <datafield ind2=" " ind1=" " tag="720">
      <subfield code="a">Gamarro, Antonio</subfield>
      <subfield code="e">author</subfield>
   </datafield>
   <datafield ind2=" " ind1=" " tag="720">
      <subfield code="a">Isequilla-Alarcón, Estela</subfield>
      <subfield code="e">author</subfield>
   </datafield>
   <datafield ind2=" " ind1=" " tag="720">
      <subfield code="a">Conesa, Macarena</subfield>
      <subfield code="e">author</subfield>
   </datafield>
   <datafield ind2=" " ind1=" " tag="260">
      <subfield code="c">2013-09-04</subfield>
   </datafield>
   <datafield ind2=" " ind1=" " tag="520">
      <subfield code="a">En este estudio se analiza la relación entre la atención conjunta (AC) y el desarrollo léxico temprano en niños con síndrome de Down (SD) y niños con desarrollo típico (DT). Diversos estudios han demostrado el papel facilitador de la AC sobre el desarrollo léxico en niños con desarrollo típico (Carpenter, Nagel y Tomasello, 1998; Masur, Flynn y Eichorst, 2005; Shimp y Huttenlocher, 2007; Tomasello y Farrar, 1986; Tomasello y Todd, 1983). Dicho aprendizaje se ve favorecido si la madre sigue el foco de atención del niño al tiempo que nombra los objetos o eventos que éste observa, pero no cuando lo redirigen.&#xd;
	Apenas existen investigaciones sobre AC en niños con SD. Dadas las deficiencias atencionales generales de los niños con SD, así como el presunto carácter directivo y controlador de sus madres, los datos con esta población podrían esclarecer si estos factores favorecen el aprendizaje léxico.&#xd;
	La muestra cuenta con 56 participantes, hablantes monolingües españoles (28 con SD y 28 con DT), con una edad de desarrollo (ED) entre los 11 y los 15 meses, estimada con la Escala de Desarrollo Brunet-Lézine-Revisada. Cada participante con SD fue emparejado con otro del grupo de DT en género y ED.&#xd;
	Para evaluar el vocabulario, se empleó una adaptación del Inventario de Desarrollo Comunicativo MacArthur-Bates (CDI) a los niños con SD (CDI-Down). Para evaluar la AC se diseñó una prueba con diez objetos, cuatro familiares, seis poco familiares y uno novedoso.&#xd;
	Se analizó: (1) nivel de AC, (2) frecuencia y duración de los episodios de AC, (3) denominación consistente / inconsistente con el foco de atención del niño, (4) tipo de denominación del objeto y (5) relación de lo anterior con el desarrollo léxico.&#xd;
	Se encontraron pocas diferencias entre el habla de las madres de ambos grupos y en sus intentos por captar / seguir el foco de atención. Es de destacar que las madres de los niños con SD realizaron claros esfuerzos por adaptarse a las habilidades de sus hijos.</subfield>
   </datafield>
   <datafield ind1="8" ind2=" " tag="024">
      <subfield code="a">http://hdl.handle.net/10630/6009</subfield>
   </datafield>
   <datafield tag="653" ind2=" " ind1=" ">
      <subfield code="a">Down, Síndrome de</subfield>
   </datafield>
   <datafield tag="653" ind2=" " ind1=" ">
      <subfield code="a">Psicología del aprendizaje</subfield>
   </datafield>
   <datafield ind2="0" ind1="0" tag="245">
      <subfield code="a">Atención conjunta y desarrollo léxico en niños con síndrome de Down y niños con desarrollo típico</subfield>
   </datafield>
</record>
</metadata></record></GetRecord></OAI-PMH>